Estudio del efecto de los vehiculos pesados sobre la capacidad de las intersecciones con semaforos.
Guardado en:
| Hovedforfatter: | |
|---|---|
| Format: | Bog |
| Udgivet: |
[San José , Costa Rica]
1987
|
| Fag: | |
| Tags: |
Tilføj Tag
Ingen Tags, Vær først til at tagge denne postø!
|
MARC
| LEADER | 00000nam a2200000Ia 4500 | ||
|---|---|---|---|
| 003 | 004566 | ||
| 005 | 20221231144346.0 | ||
| 008 | 140114s1987 cr a m 000 ||s d | ||
| 040 | |c cru CEDI | ||
| 090 | |a TFG 2071 | ||
| 100 | |a Sáenz Campos, William Enrique |9 13721 | ||
| 245 | |a Estudio del efecto de los vehiculos pesados sobre la capacidad de las intersecciones con semaforos. | ||
| 260 | |c 1987 |a [San José , Costa Rica] | ||
| 300 | |a iv, [258] hojas : ilustraciones ; 28 cm | ||
| 500 | |a Proyecto de graduacion (licenciatura en ingeniería civil)--Universidad de Costa Rica. Facultad de Ingeniería. Escuela de Ingeniería Civil | ||
| 650 | |x CAMINOS -- INTERCAMBIOS E INTERSECCIONES |x INGENIERIA DEL TRANSITO - COSTA RICA |9 13722 | ||
| 942 | |c TFG | ||
| 999 | |c 20693 |d 20693 | ||
